00325nam a2200121 a 4500008004100000020001500041050001900056100002000075245004600095260003200141300002100173350000900194120416s0000 ||||||||||||||||| || u a0713133074 aTK 7871.85 Car aCarroll, John E10aPhysical models for semiconductor devices aLondonbEdward Arnoldc1974 axiv, 253p. : ill a0.00